000 00381nam a22001577a 4500
999 _c4945
_d4945
008 200914b ||||| |||| 00| 0 eng d
082 0 0 _a621.71
_bB5755
100 _91437
_aBhatt, N. D.
245 1 0 _aMachine drawing
_cby N. D. Bhatt
250 _a3rd ed .
260 _aAnand
_bCharotar
_c1963
300 _a154 p.
365 _d10.00
650 0 _aMechanical Drawing
942 _cBK